hand book of concrete culvert pipe../ (Record no. 528064)

000 -LEADER
fixed length control field 00348nam a22001337a 4500
003 - CONTROL NUMBER IDENTIFIER
control field NUST
038 ## - RECORD CONTENT LICENSOR
Staff Name M.Ramzan
082 ## - DEWEY DECIMAL CLASSIFICATION NUMBER
Classification number 625.78
Author Mark POR
100 ## - MAIN ENTRY--PERSONAL NAME
Personal name Portland cement
9 (RLIN) 19598
245 ## - TITLE STATEMENT
Title hand book of concrete culvert pipe../
Statement of responsibility, etc. Port land cement
260 ## - PUBLICATION, DISTRIBUTION, ETC.
Place of publication, distribution, etc. Illinois
Name of publisher, distributor, etc. Portland cement Association
Date of publication, distribution, etc. 1964
300 ## - PHYSICAL DESCRIPTION
Extent 267
Dimensions 25cm
942 ## - ADDED ENTRY ELEMENTS (KOHA)
Source of classification or shelving scheme
Koha item type Book
Holdings
Withdrawn status Lost status Source of classification or shelving scheme Damaged status Not for loan Permanent Location Current Location Date acquired Total Checkouts Full call number Barcode Date last seen Price effective from Koha item type
          School of Civil and Environmental Engineering (SCEE) School of Civil and Environmental Engineering (SCEE) 08/27/2019   625.78 POR NIT-10198 08/27/2019 08/27/2019 Book
© 2023 Central Library, National University of Sciences and Technology. All Rights Reserved.